|
|
|
|
| LEADER |
00000nam0a2200000 4500 |
| 001 |
373494 |
| 005 |
20231102012554.0 |
| 035 |
|
|
|a (RuTPU)RU\TPU\retro\30924
|
| 035 |
|
|
|a RU\TPU\book\304772
|
| 090 |
|
|
|a 373494
|
| 100 |
|
|
|a 20221216d1969 k y0rusy50 ca
|
| 101 |
0 |
|
|a rus
|
| 102 |
|
|
|a RU
|
| 105 |
|
|
|a a z 001zy
|
| 200 |
1 |
|
|a Пьезоэлектрический метод геофизической разведки кварцевых и пегматитовых жил
|f М. П. Воларович, Г. А. Соболев
|g Академия наук СССР (АН СССР), Институт физики Земли им. О. Ю. Шмидта (ИФЗ)
|
| 210 |
|
|
|a Москва
|c Наука
|d 1969
|
| 215 |
|
|
|a 132 с.
|c ил.
|
| 316 |
|
|
|5 63413507: КР-6665
|a На титульном листе дарственная надпись : "Глубокоуважаемому Александру Акимовичу Воробьеву на добрую память от Э. Пархоменко. 17.02.1973 г."
|
| 317 |
|
|
|5 63413507: КР-6665
|a Поступил в НТБ в 1987 г. в дар от вдовы ученого Е. К. Завадовской
|
| 320 |
|
|
|a Библиогр.: с. 129-131
|
| 330 |
|
|
|a В монографии освещен новый метод электрической разведки кварцевых и пегматитовых жил, разработанный в Институте физики Земли им. О. Ю. Шмидта АН СССР. Кратко описаны физические принципы и теоретические основы метода, результаты экспериментальных лабораторных исследований пьезоэлектрических свойств горных пород, в том числе жильного кварца, изложены элементы теории распространения волн в пьезоэлектрических средах и результаты опытов на моделях. Описаны аппаратура и методики полевых работ в подземных и наземных условиях. Приведены примеры применения метода для поисков и разведки кварцевых и пегматитовых жил на дневной поверхности и в шахтах. Издание рассчитано на исследователей и практиков геофизиков, геологов и горных инженеров.
|
| 606 |
1 |
|
|a Неметаллические полезные ископаемые
|x Месторождения
|2 stltpush
|3 (RuTPU)RU\TPU\subj\45358
|9 64606
|
| 606 |
1 |
|
|a Электроразведка
|x Метод
|2 stltpush
|3 (RuTPU)RU\TPU\subj\20751
|9 45832
|
| 610 |
1 |
|
|a горные породы
|
| 610 |
1 |
|
|a пьезоэлектрический эффект
|
| 610 |
1 |
|
|a пьезоэлектрические свойства
|
| 610 |
1 |
|
|a пьезоэлектрические поля
|
| 610 |
1 |
|
|a моделирование
|
| 610 |
1 |
|
|a аппаратура
|
| 610 |
1 |
|
|a полевые работы
|
| 610 |
1 |
|
|a интерпретация
|
| 610 |
1 |
|
|a библиотека А. А. Воробьева
|
| 610 |
1 |
|
|a дары библиотеке
|
| 610 |
1 |
|
|a дарственная надпись
|
| 675 |
|
|
|a 553.62
|v 4
|
| 675 |
|
|
|a 550.837
|v 4
|
| 700 |
|
1 |
|a Воларович
|b М. П.
|g Михаил Павлович
|
| 701 |
|
1 |
|a Соболев
|b Г. А.
|g Геннадий Александрович
|
| 712 |
0 |
2 |
|a Академия наук СССР (АН СССР)
|b Институт физики Земли им. О. Ю. Шмидта (ИФЗ)
|c (Москва)
|c (1956-1991)
|2 stltpush
|3 (RuTPU)RU\TPU\col\209
|
| 801 |
|
1 |
|a RU
|b 63413507
|c 20150119
|
| 801 |
|
2 |
|a RU
|b 63413507
|c 20221216
|g RCR
|
| 942 |
|
|
|c BK
|